Normal view
MARC view
- Gupta, Santosh K.
Entry Personal Name
001 - CONTROL NUMBER
- control field: 38686
003 - CONTROL NUMBER IDENTIFIER
- control field: OSt
005 - DATE AND TIME OF LATEST TRANSACTION
- control field: 20151108132247.0
008 - FIXED-LENGTH DATA ELEMENTS
- fixed length control field: 151108|| aca||aabn | a|a d
040 ## - CATALOGING SOURCE
- Original cataloging agency: OSt
100 1# - HEADING--PERSONAL NAME
- Personal name: Gupta, Santosh K.
- Fuller form of name: (Santosh Kumar)
400 1# - SEE FROM TRACING--PERSONAL NAME
- Personal name: Gupta, Santosh Kumar